Napoleon / directed by Ridley Scott, written by David Scarpa, produced by Ridley Scott, Kevin J. Walsh ,Mark Huffam, Joaquin Phoenix. (Record no. 20944)

000 -LEADER
fixed length control field 01270nam a22003377a 4500
008 - FIXED-LENGTH DATA ELEMENTS--GENERAL INFORMATION
fixed length control field 250528b xxu||||| |||| 00| 0 eng d
040 ## - CATALOGING SOURCE
Original cataloging agency Cagayan State University
Description conventions RDA
082 ## - DEWEY DECIMAL CLASSIFICATION NUMBER
Classification number 172.3472
Item number N1626 2023
245 ## - TITLE STATEMENT
Title Napoleon / directed by Ridley Scott, written by David Scarpa, produced by Ridley Scott, Kevin J. Walsh ,Mark Huffam, Joaquin Phoenix.
260 ## - PUBLICATION, DISTRIBUTION, ETC. (IMPRINT)
Place of publication, distribution, etc United Kingdom, United States:
Name of publisher, distributor, etc Columbia Pictures Apple Original Films,
Date of publication, distribution, etc 2023.
300 ## - PHYSICAL DESCRIPTION
Extent 1 videofile,158 minutes :
Other physical details sound, color.
520 ## - SUMMARY, ETC.
Summary, etc An epic that details the chequered rise and fall of French Emperor Napoleon Bonaparte and his relentless journey to power through the prism of his addictive, volatile relationship with his wife, Josephine.
521 ## - TARGET AUDIENCE NOTE
Target audience note R.
546 ## - LANGUAGE NOTE
Language note English.
650 ## - SUBJECT ADDED ENTRY--TOPICAL TERM
Topical term or geographic name as entry element Action Epic.
650 ## - SUBJECT ADDED ENTRY--TOPICAL TERM
Topical term or geographic name as entry element Costume Drama.
650 ## - SUBJECT ADDED ENTRY--TOPICAL TERM
Topical term or geographic name as entry element Docudrama.
650 ## - SUBJECT ADDED ENTRY--TOPICAL TERM
Topical term or geographic name as entry element Epic.
650 ## - SUBJECT ADDED ENTRY--TOPICAL TERM
Topical term or geographic name as entry element Historical Epic.
650 ## - SUBJECT ADDED ENTRY--TOPICAL TERM
Topical term or geographic name as entry element Period Drama.
650 ## - SUBJECT ADDED ENTRY--TOPICAL TERM
Topical term or geographic name as entry element War Epic.
650 ## - SUBJECT ADDED ENTRY--TOPICAL TERM
Topical term or geographic name as entry element Action.
650 ## - SUBJECT ADDED ENTRY--TOPICAL TERM
Topical term or geographic name as entry element Adventure.
650 ## - SUBJECT ADDED ENTRY--TOPICAL TERM
Topical term or geographic name as entry element Biography.
700 ## - ADDED ENTRY--PERSONAL NAME
Personal name Phoenix, Joaquin, star.
700 ## - ADDED ENTRY--PERSONAL NAME
Personal name Kirby, Vanessa, star.
700 ## - ADDED ENTRY--PERSONAL NAME
Personal name Wolski, Dariusz, cinematographer.
700 ## - ADDED ENTRY--PERSONAL NAME
Personal name Simpson, Claire, editor.
700 ## - ADDED ENTRY--PERSONAL NAME
Personal name Restivo, Sam, editor.
942 ## - ADDED ENTRY ELEMENTS (KOHA)
Source of classification or shelving scheme
Item type Audio-Visual Materials
Holdings
Source of acquisition Price effective from Permanent location Date last seen Not for loan Date acquired Source of classification or shelving scheme Koha item type Collection code Shelving location Damaged status Lost status Withdrawn status Current location Full call number
Donation2025-05-28Cagayan State University - Carig Library2025-05-28 2025-05-28 Audio-Visual MaterialsElectronic Media CenterElectronic Media Center   Cagayan State University - Carig Library172.3472 N1626 2023

Cagayan State University University Library, Carig Campus
Tuguegarao City, Cagayan 3500 | www.csucarig.edu.ph

Powered by Koha